000 00435nam a22001691a 4500
001 6339
003 OSt
005 20260204212048.0
008 060329s1988||||cu ||||||b||||||||||spa||
050 _a100 A38p
245 _aAlgunos problemas filosóficos en las ciencias / Gaspar Jorge García Gallo
264 _aCuba : Cenic
300 _a69 p
650 _a1.Filosofía
700 _aGarcía Gallo, Gaspar JorgeÌ
942 _2ddc
_cBK
999 _c6339
_d6339